Представление документа в формате RUSMARC

ПолеНазваниеЗначение
  Тип записи a
  Библиографический уровень m
001 Контрольный номер RU/CBS_UL/BASE/adb7b4aa1ebd45ae81a7ce350c5b3389
005 Дата корректировки 20251126164337.2
010 Индекс ISBN __
d Цена 360 р. 00 к.
9 Тираж экз.
100 Данные общей обработки __
a Данные общей обработки 20251126d 0rusy0189## ca
101 Язык документа 0_
a Язык текста rus
102 Страна публикации __
a Страна публикации RU
200 Заглавие и сведения об ответственности 1_
a Заглавие Бегут, бегут олени
e Сведения, относящиеся к заглавию повесть
f Первые сведения об ответственности Е. В. Рочев
g Последующие сведения об ответственности пер. с коми-зырян. О. Тихомиров
g Последующие сведения об ответственности худож. Н. Воронков
210 Выходные данные 1_
a Место издания Москва
c Издательство Детская литература
d Дата издания 1989
215 Физическое описание __
a Объем 79 с.
c Иллюстрации/тип воспроизводства ил.
d Формат см.
300 Общие примечания __
a Общие примечания 6+ ; (Мл)
606 Тематические рубрики 0_
a Основная рубрика Коми детская литература, 20-21 вв - Повести
610 Ключевые слова 0_
a Ключевые слова северяне; жизнь оленеводов; олени; стада оленьи; жители тундры; дети в Коми АССР
686 Индексы других классификаций __
2 Код системы rubbk
a Классификационный индекс 84(2Рос=Ком)
700 Автор _1
a Фамилия Рочев
b Имя (инициалы) Е. В.
g Полное личное имя Егор Васильевич
801 Источник записи _0
a Страна RU
b Организация МБУК ЦБС г. Ульяновска
c Дата составления 20251126
g Правила каталогизации RCR
801 Источник записи _1
a Страна RU
b Организация МБУК ЦБС г. Ульяновска
c Дата составления 20251126
g Правила каталогизации RCR
852 Данные о местонахождении __
i Авторский знак Р 80
j Шифр хранения Р6=Коми
901 Тип документа __
t Тип документа m
909 Создатель записи __
a Создатель записи obr2
b Дата создания записи 20251126